La lampada spenta / (Record no. 19004)
[ view plain ]
| 000 -LEADER | |
|---|---|
| campo di controllo lung. fissa | 01080nam a22002777i 4500 |
| 001 - Numero di controllo | |
| campo di controllo | IT\ICCU\CUB\0334973 |
| 003 - Identificatore del numero di controllo | |
| campo di controllo | ItRI |
| 005 - Data e orario dell'ultima transazione | |
| campo di controllo | 20260115232223.0 |
| 008 - Elementi di lunghezza fissa--Informazione generale | |
| campo di controllo lung. fissa | 971205s1946 it |||||| ||||| |||||c |
| 015 ## - Numero della bibliografia nazionale | |
| Fonte | IT |
| Numero della bibliografia nazionale | 1947 4125 |
| 024 70 - Altri identificatori standard | |
| Numero standard o codice | 294037 |
| Fonte del numero o codice | cubi |
| 040 ## - Fonte della catalogazione | |
| Lingua della catalogazione | ita |
| Agenzia che fa la trascrizione | importazione bologna sebina |
| 041 #7 - Codice di lingua | |
| Codice di lingua del testo/traccia sonora o titolo separato | ita |
| Fonte del codice | ISO-639-2 |
| 100 1# - Accesso principale -- nome di persona | |
| Nome di persona | Hall, Radclyffe |
| Numero del record di authority o numero standard | IT\ICCU\CFIV\001539 |
| Relazione: | aut |
| 240 14 - Titolo uniforme | |
| Titolo uniforme | The unlit lamp |
| -- | IT\ICCU\CFI\0002044 |
| 9 (RLIN) | Hall, Radclyffe |
| 245 13 - Formulazione del titolo | |
| Titolo | La lampada spenta / |
| Formulazione di responsabilità, ecc. | Radclyffe Hall. |
| 260 ## - Pubblicazione, distribuzione, ecc. (stampa) | |
| Luogo di pubblicazione, distribuzione, ecc. | Milano : |
| Nome dell'editore, distributore, ecc. | Ed. dell'Orsa Maggiore, |
| Data di pubblicazione, distribuzione, ecc. | 1946 |
| 300 ## - Descrizione fisica | |
| Estensione | 325 p., [1] c. di tav. : |
| Altre particolarità fisiche | ill. ; |
| Dimensioni | 19 cm |
| 500 ## - Nota generale | |
| Nota generale | Versione italiana di Mimi Oliva Lentati. |
| 700 1# - Accesso aggiunto--nome di persona | |
| Nome di persona | Oliva Lentati, Mimì |
| Numero del record di authority o numero standard | IT\ICCU\LIAV\011377 |
| 790 1# - | |
| -- | Hall, Marguerite Radclyffe |
| -- | IT\ICCU\CFIV\153676 |
| -- | Hall, Radclyffe |
| 790 1# - | |
| -- | Radclyffe Hall, Marguerite |
| -- | IT\ICCU\CFIV\165214 |
| -- | Hall, Radclyffe |
| 790 1# - | |
| -- | Lentati Oliva, Maria |
| -- | IT\ICCU\CFIV\187190 |
| -- | Oliva Lentati, Mimì |
| 830 #0 - Accesso aggiunto di serie--titolo uniforme | |
| Titolo uniforme | Collezione dell'Orsa maggiore, Beta Merak |
| Numero del record di authority o numero standard | IT\ICCU\CUB\0326644 |
| 942 ## - Dati aggiuntivi (Koha) | |
| Fonte della classificazione o dello schema di collocazione (segnatura) | Classificazione decimale Dewey |
| Tipo copia default (Koha) | Libri |
| Nasconto in Opac | No |
| Status ritirato | Status smarrito: | Status danneggiato: | Escluso dal prestito | Biblioteca di appartenenza | Biblioteca corrente | Data di acquisti | Numero d'inventario | Totale prestiti | Collocazione | Codice a barre | Data ultima revisione | Prezzo effettivo da | Tipo copia default (Koha) | Nota pubblica |
|---|---|---|---|---|---|---|---|---|---|---|---|---|---|---|
| BOLOGNA | Centro di Documentazione "Flavia Madaschi" Cassero LGBTQIA+ Center | BOLOGNA | Centro di Documentazione "Flavia Madaschi" Cassero LGBTQIA+ Center | 15/01/2026 | 2013 | L 823.912 HAL | BO2013 | 15/01/2026 | 15/01/2026 | Libri | 1 v. |